Simone de beauvoir: (Record no. 1238243)
[ view plain ]
| 000 -LEADER | |
|---|---|
| fixed length control field | 00698nam a22002297a 4500 |
| 005 - DATE AND TIME OF LATEST TRANSACTION | |
| control field | 20250123153528.0 |
| 008 - FIXED-LENGTH DATA ELEMENTS--GENERAL INFORMATION | |
| fixed length control field | 250123b |||||||| |||| 00| 0 eng d |
| 020 ## - INTERNATIONAL STANDARD BOOK NUMBER | |
| International Standard Book Number | 978-1-032-50861-0 (pbk) |
| 037 ## - SOURCE OF ACQUISITION | |
| Terms of availability | TB |
| 040 ## - CATALOGING SOURCE | |
| Original cataloging agency | CRL |
| Transcribing agency | CRL |
| 084 ## - COLON CLASSIFICATION NUMBER | |
| Classification number | R3xN08:g R5 |
| Assigning agency | CRL |
| 100 ## - MAIN ENTRY--PERSONAL NAME | |
| Personal name | Burke, Megan |
| 9 (RLIN) | 734798 |
| 245 ## - TITLE STATEMENT | |
| Title | Simone de beauvoir: |
| Remainder of title | The basics |
| 260 ## - PUBLICATION, DISTRIBUTION, ETC. | |
| Place of publication, distribution, etc. | London, UK: |
| Name of publisher, distributor, etc. | Routledge, |
| Date of publication, distribution, etc. | 2025 |
| 300 ## - PHYSICAL DESCRIPTION | |
| Extent | xi,184p. |
| 365 ## - TRADE PRICE | |
| Price amount | 18.99 |
| Currency code | UKP |
| 490 ## - SERIES STATEMENT | |
| Series statement | The basics series |
| 650 ## - SUBJECT ADDED ENTRY--TOPICAL TERM | |
| Source of heading or term | Phiolsophy |
| 653 ## - INDEX TERM--UNCONTROLLED | |
| Uncontrolled term | Philosophy |
| 942 ## - ADDED ENTRY ELEMENTS (KOHA) | |
| Source of classification or shelving scheme | Colon Classification (CC) |
| Koha item type | Textbook |
| Classification part | R3xN08:g R5 |
| Suppress in OPAC | No |
| Withdrawn status | Lost status | Source of classification or shelving scheme | Damaged status | Not for loan | Home library | Current library | Date acquired | Source of acquisition | Inventory number | Total Checkouts | Full call number | Barcode | Date last seen | Price effective from | Koha item type |
|---|---|---|---|---|---|---|---|---|---|---|---|---|---|---|---|
| Colon Classification (CC) | Central Library | Central Library | 2025-01-23 | Bright Book Service | 2397 & 2024-11-29 | R3xN08:g R5 | CL1681694 | 2025-01-23 | 2025-01-23 | Textbook |
